000 00493nam a2200169Ia 4500
003 GCL
008 140319s9999 xx 000 0 ara d
040 _aGCL /
_cGCL
082 0 4 _a813.01
_bا ع
100 1 _aاحمد زغلول الشيطى
245 1 0 _aعرائس من ورق /
_cاحمد زغلول الشيطى
300 _a58 ص
490 _aشرقيات
_v0
650 0 4 _aالقصص القصيرة
650 0 4 _aالادب العربى - العصر الحديث
942 _2ddc
_cBK
999 _c39711
_d39711